000 00784nam a2200205 a 4500
003 0
005 20250214102959.0
008 130828s19uu xx 00 eng d
050 _aPGS ML 3830
_b.V712 2013
100 _aVillacruzes Jr, Edward.
245 _aMusical preference and communication skills /
_cEdward Villacruzes Jr.
260 _aLas PiƱas City, Philippines :
_bSouthville International School and Colleges,
_c2013.
300 _a27 pages :
_billustrations ;
_c28 cm.
504 _aIncludes bibliographical references.
650 _aMusic preferences
_vPsychological aspects.
650 _aMusic and emotion
_vEffect on communication.
650 _aCommunication skills
_vElementary students.
650 _aLanguage acquisition
_vMusic influence.
942 _2lcc
_cPASS
999 _c98995
_d98995